Statistics for Balkan Speedrun

Click here to take the quiz!

General Stats

  • This quiz has been taken 576 times
  • The average score is 9 of 10

Answer Stats

Answer% Correct
Bosnia and Herzegovina
98%
Croatia
97%
Serbia
97%
Albania
96%
Montenegro
96%
Greece
95%
Bulgaria
94%
Slovenia
94%
Macedonia
87%
Turkey
65%

Score Distribution

Percentile by Number Answered

Percent of People with Each Score

Your Score History

You have not taken this quiz